<?xml version="1.0" encoding="UTF-8"?>
<marc:record xmlns:marc="http://www.loc.gov/MARC21/slim">
   <marc:leader>00000nam a2200000 a 4500</marc:leader>
   <marc:datafield ind1="1" ind2=" " tag="100">
      <marc:subfield code="a">Stang, Christian</marc:subfield>
      <marc:subfield code="4">aut</marc:subfield>
      <marc:subfield code="e">Verfasser/-in</marc:subfield>
   </marc:datafield>
   <marc:datafield ind1=" " ind2=" " tag="653">
      <marc:subfield code="a">Deutsch</marc:subfield>
   </marc:datafield>
   <marc:datafield ind1=" " ind2=" " tag="653">
      <marc:subfield code="a">Zeichensetzung</marc:subfield>
   </marc:datafield>
   <marc:datafield ind1=" " ind2=" " tag="653">
      <marc:subfield code="a">Softcover</marc:subfield>
   </marc:datafield>
   <marc:datafield ind1=" " ind2=" " tag="653">
      <marc:subfield code="a">Karte</marc:subfield>
   </marc:datafield>
   <marc:datafield ind1=" " ind2=" " tag="653">
      <marc:subfield code="a">Einführung</marc:subfield>
   </marc:datafield>
   <marc:datafield ind1="0" ind2="0" tag="245">
      <marc:subfield code="a">Duden, Kommasetzung - kurz gefasst</marc:subfield>
   </marc:datafield>
   <marc:datafield ind1="0" ind2="0" tag="245">
      <marc:subfield code="b">die Grundregeln der deutschen Zeichensetzung mit zahlreichen Beispielen</marc:subfield>
   </marc:datafield>
   <marc:datafield ind1="0" ind2="0" tag="245">
      <marc:subfield code="c">von Christian Stang</marc:subfield>
   </marc:datafield>
   <marc:datafield ind1=" " ind2="1" tag="264">
      <marc:subfield code="a">Mannheim</marc:subfield>
      <marc:subfield code="b">Dudenverl.</marc:subfield>
      <marc:subfield code="c">2006</marc:subfield>
   </marc:datafield>
   <marc:datafield ind1="1" ind2=" " tag="520">
      <marc:subfield code="a">Angaben aus der Verlagsmeldung

Duden - Kommasetzung - kurz gefasst : Die Grundregeln der deutschen Zeichensetzung mit zahlreichen Beispielen / von Christian Stang

Alle Bereiche der amtlich geregelten deutschen Zeichensetzung, im Besonderen die von vielen als schwierig empfundene Kommasetzung, werden verständlich dargestellt.

Es werden keine komplizierte Spezialfälle behandelt, sondern das, was jeder im Alltag braucht und wissen sollte. Alle Regeln sind kurz und allgemein verständlich formuliert, für alle Regeln gibt es eine Fülle von Beispielen aus dem täglichen Schreibgebrauch. Wo grammatische Kenntnisse vorausgesetzt werden, gibt es Hilfestellungen für Ungeübte, zum Beispiel zur Unterscheidung von Haupt- und Nebensatz oder zum Erkennen von Einschüben, Aufzählungen, Grundformgruppen usw.

Wegen der angestrebten Übersichtlichkeit und Kompaktheit enthält das Werk keine Übungen.
</marc:subfield>
   </marc:datafield>
   <marc:datafield ind1=" " ind2=" " tag="020">
      <marc:subfield code="a">9783411721214</marc:subfield>
      <marc:subfield code="9">9783411721214</marc:subfield>
   </marc:datafield>
   <marc:datafield ind1=" " ind2=" " tag="020">
      <marc:subfield code="a">3411721219</marc:subfield>
      <marc:subfield code="9">3411721219</marc:subfield>
   </marc:datafield>
   <marc:datafield ind1=" " ind2=" " tag="041">
      <marc:subfield code="a">ger</marc:subfield>
   </marc:datafield>
   <marc:datafield ind1=" " ind2=" " tag="300">
      <marc:subfield code="a">47 S.</marc:subfield>
   </marc:datafield>
</marc:record>
